000 00591nam a2200169Ia 4500
008 090711s9999 xx 000 0 und d
082 _b5578
100 _aरानडे गोविंदस्वामी
245 _aआर्याSो स्वाहाकार
260 _c1954
300 _a85
600 _aरानडे गोविंदस्वामी
630 _aआर्याSो स्वाहाकार
700 _aरानडे गोविंदस्वामी
730 _aआर्याSो स्वाहाकार
942 _cBOOK
999 _c321688
_d321688